| 000 | 00429nam a2200181Ia 4500 | ||
|---|---|---|---|
| 005 | 20250624123206.0 | ||
| 008 | 191130s2010##################000#0#eng## | ||
| 020 |
_a9780593061459 _qpbk |
||
| 041 | _aeng | ||
| 082 | _a823.92 MAC | ||
| 100 | _aMacken, John | ||
| 245 |
_aControl _cby John Macken |
||
| 250 | _a1st ed | ||
| 260 |
_aLondon _bBantam _c2010 |
||
| 300 | _a314 p. ; 24 cm | ||
| 650 | _aFiction | ||
| 942 | _cENGLISH | ||
| 999 |
_c253260 _d253260 |
||